<?xml version="1.0" encoding="UTF-8"?>
<record
    xmlns:xsi="http://www.w3.org/2001/XMLSchema-instance"
    xsi:schemaLocation="http://www.loc.gov/MARC21/slim http://www.loc.gov/standards/marcxml/schema/MARC21slim.xsd"
    xmlns="http://www.loc.gov/MARC21/slim">

  <leader>01107cam a2200217 a 4500</leader>
  <controlfield tag="001">000005171</controlfield>
  <controlfield tag="005">20200929151610.0</controlfield>
  <controlfield tag="008">841127s1983    ck       b    001 0 spa  </controlfield>
  <datafield tag="040" ind1=" " ind2=" ">
    <subfield code="a">DO-SdBNP</subfield>
    <subfield code="b">spa</subfield>
    <subfield code="d">BNPHU</subfield>
  </datafield>
  <datafield tag="082" ind1=" " ind2=" ">
    <subfield code="a">923.587</subfield>
    <subfield code="b">G195c</subfield>
  </datafield>
  <datafield tag="245" ind1="0" ind2="0">
    <subfield code="a">Ganadores, 1983 :</subfield>
    <subfield code="b">Concurso "El Maestro tiene la Palabra".</subfield>
  </datafield>
  <datafield tag="260" ind1=" " ind2=" ">
    <subfield code="a">Medellin, Colombia :</subfield>
    <subfield code="b">Cacharreria Mundial,</subfield>
    <subfield code="c">1983.</subfield>
  </datafield>
  <datafield tag="300" ind1=" " ind2=" ">
    <subfield code="a">128 p. ;</subfield>
    <subfield code="c">18 cm.</subfield>
  </datafield>
  <datafield tag="500" ind1=" " ind2=" ">
    <subfield code="a">Bicentenario del nacimiento del libertador.</subfield>
  </datafield>
  <datafield tag="500" ind1=" " ind2=" ">
    <subfield code="a">Campa&#xF1;a educativa "El maestro tiene la palabra".</subfield>
  </datafield>
  <datafield tag="505" ind1="0" ind2=" ">
    <subfield code="a">El pensamiento del Libertador sobre la educaci&#xF3;n, la ciencia y la cultura / Pilar Zarama de la Espriella -- Bol&#xED;var y sus maestros / Rafael R. Guerra -- Mi espada y mi coraz&#xF3;n-- / Luz Dary Marin.</subfield>
  </datafield>
  <datafield tag="600" ind1="1" ind2="4">
    <subfield code="a">BOL&#xCD;VAR, SIM&#xD3;N,</subfield>
    <subfield code="d">1783-1830</subfield>
    <subfield code="x">ENSAYOS, CONFERENCIAS, ETC..</subfield>
    <subfield code="9">14802</subfield>
  </datafield>
  <datafield tag="700" ind1="1" ind2=" ">
    <subfield code="a">Zarama de la Espriella, Pilar.</subfield>
    <subfield code="t">Pensamiento del Libertador sobre la educaci&#xF3;n, la ciencia y la cultura.</subfield>
    <subfield code="f">1983.</subfield>
    <subfield code="9">14803</subfield>
  </datafield>
  <datafield tag="700" ind1="1" ind2=" ">
    <subfield code="a">Guerra, Rafael R.</subfield>
    <subfield code="t">Bol&#xED;var y sus maestros.</subfield>
    <subfield code="f">1983.</subfield>
    <subfield code="9">14804</subfield>
  </datafield>
  <datafield tag="700" ind1="1" ind2=" ">
    <subfield code="a">Dary Mar&#xED;n, Luz.</subfield>
    <subfield code="t">Mi espada y mi coraz&#xF3;n--.</subfield>
    <subfield code="f">1983.</subfield>
    <subfield code="9">14805</subfield>
  </datafield>
  <datafield tag="952" ind1=" " ind2=" ">
    <subfield code="0">0</subfield>
    <subfield code="1">0</subfield>
    <subfield code="5">2</subfield>
    <subfield code="7">0</subfield>
    <subfield code="8">MO</subfield>
    <subfield code="a">GR</subfield>
    <subfield code="b">GR</subfield>
    <subfield code="c">CT</subfield>
    <subfield code="d">2009-07-29</subfield>
    <subfield code="i">LF1</subfield>
    <subfield code="l">0</subfield>
    <subfield code="o">923.587 G195c</subfield>
    <subfield code="p">5171-10</subfield>
    <subfield code="r">2020-06-25</subfield>
    <subfield code="w">2020-06-25</subfield>
    <subfield code="y">2</subfield>
    <subfield code="Z">Pr&#xE9;stamo interno</subfield>
  </datafield>
  <datafield tag="999" ind1=" " ind2=" ">
    <subfield code="c">4974</subfield>
    <subfield code="d">4974</subfield>
  </datafield>
</record>
